00798 2200289 4500001002100000005001500021035002000036007000300056040001700059100003100076245008600107250001200193300003700205020001800242041000800260082000800268084001400276090002100290264003700311336002100348337003000369338002300399650001300422850001000435008004100445990002200486INLIS00000000000746720260602111857 a0010-0822000441ta aSBPUPADbind0 aLaksamana MediaePengarang1 aYoutube dan Google Video :bMembuat, Mengedit dan Upload Video /cLaksamana Media a.-Cet.1 a168hlm :billus. ;c14,5 x 21 cm a978-877-035-807aind a621 a621 LAK y a621 LAK y L19-4 a.--Yogyakarta :bMediaKom,c2009 2rdacontentateks 2rdamediaatanpa perantara 2rdacarrieravolume 4aInternet aPUPAD260602 0  a10353/Br/KAPD-PDG